000
00290nam a22001337a 4500
008
170807b xxu||||| |||| 00| 0 eng d
020
_a
636920002833
041
_a
eng
080
_a
004
100
_a
34
101
_a
SHKI
245
_a
JAVA IN A NU7TSHELL
_c
FLANAGAN, D
942
_2
udc
_c
BK
999
_c
22828
_d
22828